000 00850nam a2200277 a 4500
008
020 _a0521561647 (cased.)
049 _aMAIN
090 _aQE33.2.M4
100 1 _aTurcotte, Donald Lawson.
245 1 0 _aFractals and chaos in geology and geophysics /
_cDonald L. Turcotte.
250 _a2nd ed.
260 _aCambridge :
_bCambridge University Press,
_c1997.
300 _axii, 398 p. :
_bill. (some col.) ;
_c26 cm.
504 _aIncludes bibliographical references.
500 _aIncludes index.
650 0 _aGeology
_xMathematics.
650 0 _aGeophysics
_xMathematics.
650 0 _aFractals.
650 0 _aChaotic behavior in systems.
907 _a.b1002038x
_b24-05-04
_c17-04-03
003
005 20230123133136.0
040 _cNUST
942 _cBOOKS
_kQE33.2.M4
999 _c143470
_d143470